Διαφορικαί εξισώσεις : συνήθεις και με μερικάς παραγωγούς στοιχεία θεωρίας και εφαρμογαί

Αποθηκεύτηκε σε:
Λεπτομέρειες βιβλιογραφικής εγγραφής
Κύριος συγγραφέας: Βλαχοκυριαζής, Απόστολος
Μορφή: Βιβλίο
Γλώσσα:Greek
Δημοσίευση: Αθήναι : Τύποις : Σωτ. Σπυροπούλου, 1960.
Θέματα:
Ετικέτες: Προσθήκη ετικέτας
Δεν υπάρχουν, Καταχωρήστε ετικέτα πρώτοι!

MARC

LEADER 00000cam a2200000 a 4500
001 1/109159
008 151009s1960####gr | ||| |||| ||gre||
040 |a GR-MyUa  |b gre  |c GR-MyUa  |e AACR2 
041 0 |a gre 
082 7 |a 515.35   |2 (23) 
100 1 |a Βλαχοκυριαζής, Απόστολος. 
245 1 0 |a Διαφορικαί εξισώσεις :   |b συνήθεις και με μερικάς παραγωγούς στοιχεία θεωρίας και εφαρμογαί /   |c Αποστόλου Βλαχοκυριαζή. 
260 |a Αθήναι :   |b Τύποις : Σωτ. Σπυροπούλου,   |c 1960.  
300 |a η', 282 σ. ;   |c 26 εκ.  
500 |a Διά τούς σπουδαστάς των θετικών επιστημών, μηχανικούς κ.λ. 
650 0 |a Differential equations. 
650 0 |a Differential equations  |x Problems, exercises, etc. 
852 |a INST  |b SAMOS  |c MAG  |e 20151009  |h 515.35 ΒΛΑ  |p 005300034488  |q 005300034488  |t BK  |y 0 
970 |a Σιτζίμη  |b Γιασεμή  |z 09/10/2015